| 000 | 00772cam a2200277 a 4500 | ||
|---|---|---|---|
| 999 |
_c5560 _d5560 |
||
| 001 | 5560 | ||
| 003 | BD-JhCC | ||
| 005 | 20171221194459.0 | ||
| 008 | 020607s1994 enk | |||| ||eng|d | ||
| 020 | _a0304344540 | ||
| 035 | _a(BD-JhCC)5560 | ||
| 035 | _a(BD-JhCC) | ||
| 040 |
_aBD-JhCC _dBD-JhCC |
||
| 041 | _aeng | ||
| 082 |
_a423 _bCAS 1982 |
||
| 245 | 0 | 0 |
_aCassell student English dictionary / _c[managing editor, Betty Kirkpatrick]. |
| 250 | _a[New updated ed.]. | ||
| 260 |
_aLondon : _bCassell, _c1994. |
||
| 300 |
_axxv,1029p ; _c23cm. |
||
| 500 | _aPrevious ed.: 1993. | ||
| 650 | 0 |
_aEnglish language _xDictionaries. |
|
| 700 | 1 |
_aKirkpatrick, E. M. _q(Elizabeth McLaren) |
|
| 740 | 0 | _aStudent English dictionary. | |
| 942 |
_2ddc _cBK |
||